Compagnies aériennes par pays - Statistiques

Statistiques générales
  • Ce quiz a été pris 16 329 fois
  • Le résultat moyen est 10 sur 24
Statistiques - réponses
Compagnie Pays % Correct
Emirates Émirats Arabes Unis
92%
Lufthansa Allemagne
83%
Norwegian Norvège
83%
Iberia Espagne
78%
All Nippon Japon
74%
Ryanair Irlande
66%
KLM Pays-Bas
61%
Delta États-Unis
57%
ITA Airways Italie
50%
Qantas Australie
45%
Virgin Atlantic Royaume-Uni
42%
TAP Portugal
36%
Aeroflot Russie
31%
Cathay Pacific Chine
27%
Gulf Air Bahreïn
23%
El Al Israël
23%
WestJet Canada
20%
Air Asia Malaisie
20%
LATAM Chili
19%
LOT Pologne
19%
Cebu Pacific Philippines
18%
Gol Brésil
17%
Avianca Colombie
14%
Lion Air Indonésie
14%
Aucun quiz correspondant
Distribution des résultats
% des personnes avec chaque résultat
Percentile par nombre de réponses
Votre historique - résultats
Vous n’avez pas pris ce quiz